|
|
|
|
| LEADER |
02278cam a2200577 i 4500 |
| 001 |
nkc20142591077 |
| 003 |
CZ PrNK |
| 005 |
20160122085220.0 |
| 007 |
ta |
| 008 |
140522s2014 xr abf e f 001 0 cze |
| 015 |
|
|
|a cnb002591077
|
| 020 |
|
|
|a 978-80-7363-599-2
|q (váz.)
|
| 035 |
|
|
|a (OCoLC)886604159
|
| 040 |
|
|
|a OLA001
|b cze
|d ABA001
|
| 043 |
|
|
|a e-xr---
|b e-xr-pg
|2 czenas
|
| 072 |
|
7 |
|a 502
|x Životní prostředí a jeho ochrana
|2 Konspekt
|9 2
|
| 080 |
|
|
|a 502.2
|2 MRF
|
| 080 |
|
|
|a 581.524/.526
|2 MRF
|
| 080 |
|
|
|a 581.9
|2 MRF
|
| 080 |
|
|
|a 502.21(1-751)
|2 MRF
|
| 080 |
|
|
|a 55
|2 MRF
|
| 080 |
|
|
|a (437.311)
|2 MRF
|
| 080 |
|
|
|a (0.062)
|2 MRF
|
| 245 |
0 |
0 |
|a Neznámá tvář Prahy :
|b příroda a rostlinstvo /
|c Jarmila Kubíková ... [et al. ; fotografie Lubomír Hrouda ... et al. ; ilustrace Anna Skoumalová-Hadačová]
|
| 246 |
1 |
|
|i Název v tiráži:
|a Neznámá tvář Prahy - příroda a rostlinstvo
|
| 250 |
|
|
|a 1. vyd.
|
| 260 |
|
|
|a Praha :
|b Dokořán,
|c 2014
|
| 300 |
|
|
|a 270 s., xxiv s. obr. příl. :
|b il. (některé barev.), mapy ;
|c 24 cm
|
| 504 |
|
|
|a Obsahuje bibliografie a rejstřík
|
| 650 |
0 |
7 |
|a příroda
|7 ph115994
|z Česko
|2 czenas
|
| 650 |
0 |
7 |
|a vegetace
|7 ph116558
|z Česko
|2 czenas
|
| 650 |
0 |
7 |
|a flóra
|7 ph114559
|z Česko
|2 czenas
|
| 650 |
0 |
7 |
|a chráněná území
|7 ph114251
|z Česko
|2 czenas
|
| 650 |
0 |
9 |
|a nature
|z Czechia
|2 eczenas
|
| 650 |
0 |
9 |
|a vegetation
|z Czechia
|2 eczenas
|
| 650 |
0 |
9 |
|a flora
|z Czechia
|2 eczenas
|
| 650 |
0 |
9 |
|a protected areas
|z Czechia
|2 eczenas
|
| 655 |
|
7 |
|a populárně-naučné publikace
|7 fd131864
|2 czenas
|
| 655 |
|
9 |
|a popular works
|2 eczenas
|
| 651 |
|
7 |
|a Praha (Česko)
|7 ge118011
|x geologické poměry
|2 czenas
|
| 651 |
|
7 |
|a Praha (Česko)
|7 ge118011
|x přírodní poměry
|2 czenas
|
| 651 |
|
9 |
|a Prague (Czechia)
|x geological conditions
|2 eczenas
|
| 651 |
|
9 |
|a Prague (Czechia)
|x natural conditions
|2 eczenas
|
| 700 |
1 |
|
|a Kubíková, Jarmila,
|d 1933-
|7 jk01070413
|4 aut
|4 pht
|
| 700 |
1 |
|
|a Hrouda, Lubomír,
|d 1945-
|7 ola2003198086
|4 pht
|
| 700 |
1 |
|
|a Skoumalová-Hadačová, Anna,
|d 1946-
|7 jn19981002136
|4 ill
|
| 910 |
2 |
|
|a BOA001
|b 2-1328.102
|
| 990 |
|
|
|a BK
|
| 995 |
|
|
|a 01
|
| 991 |
|
|
|b 201406
|c NOV
|e n
|
| 996 |
6 |
|
|b 2610593233
|c 2-1328.102
|l MZK
|r Sklad / do 1 hodiny
|n 0
|p p.v.
|w 001426903
|u 000010
|a 1
|e BOA001
|j MZK50
|s P
|